UITU Library & LRC     

The Insights-A toolbox (Record no. 32496)

MARC details
000 -LEADER
fixed length control field 00585nam a2200157Ia 4500
008 - FIXED-LENGTH DATA ELEMENTS--GENERAL INFORMATION
fixed length control field 260210s9999 xx 000 0 und d
024 ## - OTHER STANDARD IDENTIFIER
Standard number or code 18B-040-CS, 18B-052-CS, 18B-118-CS & 18B-034-CS
082 ## - DEWEY DECIMAL CLASSIFICATION NUMBER
Classification number 004.072 KHU
100 ## - MAIN ENTRY--PERSONAL NAME
Personal name Muhammad Khurram, Yasir Khan, M Rohaib Khan, Arsal Tariq
110 ## - MAIN ENTRY--CORPORATE NAME
Corporate name or jurisdiction name as entry element Miss Naveen Zehra
245 #4 - TITLE STATEMENT
Title The Insights-A toolbox
260 ## - PUBLICATION, DISTRIBUTION, ETC.
Place of publication, distribution, etc. Karachi:
Name of publisher, distributor, etc. UITU,
Date of publication, distribution, etc. 2018
600 ## - SUBJECT ADDED ENTRY--PERSONAL NAME
Personal name Computer Science
650 ## - SUBJECT ADDED ENTRY--TOPICAL TERM
Topical term or geographic name entry element Bachelor of Engineering (BE)
856 ## - ELECTRONIC LOCATION AND ACCESS
Uniform Resource Identifier <a href="https://drive.google.com/file/d/15m__dy0mei_GtCF7PHXLI-9Gr7oYWVfA/view?usp=sharing">https://drive.google.com/file/d/15m__dy0mei_GtCF7PHXLI-9Gr7oYWVfA/view?usp=sharing</a>
Link text Click here for PDF

No items available.

Powered by Koha